000 00542nam a2200181Ia 4500
005 20250508163332.0
008 008 250505s9999 xx 000 0 eng d
037 _aTextual
040 _aFEDL
_beng
_cFEDL
041 _aeng
_2eng
084 _a420.7, RIV
_qFEDL
100 _aRivers Wilga M
245 0 _aPractical guide to the teaching of : English as a second or foreign language
260 _aNew York, USA
_bOxford University Press
_c1978
300 _a399p.
942 _cTEXL
_h420.7, RIV
999 _c1382386
_d1382386